000 00316nam a2200133 i 4500
001 bg
100 1 _aSAMKOWICZ, J.
245 0 _aUrządzenia techniczne w rolnictwie /
_cJ. Samkowicz.
260 _aBiałystok,
_c1982.
040 _cBPK
041 _apol
942 _cKS
008 s pl f |000 0 pol
999 _c21278
_d21278
856 _uhttp://koha.tu.koszalin.pl/cgi-bin/koha/opac-detail.pl?biblionumber=21278
_yKatalog online BPK